00523nam a2200181Ia 4500003000900000008004100009040001600050080001600066100001800082245006900100260003100169300001300200500005300213650002100266650001900287650001800306650001700324IN-BaIIA211028s9999 xx 000 0 eng d cIIA Library a535.33bCUR aCurraan, S. C 0aLuminescence and the scientillation countercSamuel Crowe Curran aLondonbButterworthsc1953 ax, 219p. aIncludes bibliographical references and indexes. aAtomic Radiation aNASA Thesaurus aScintillation aSpectroscopy